00339nam a22001217a 4500020001500000040000900015082001800024100002300042110002700065245004200092260004100134650004200175 a0750647108 cNUST a658.4038bAHM aPervaiz K. Ahmad,  aK.K Lim , Ann Y.E. Loh aLearning through Knowledge Management aLondon:bLibrary of Congress,c2002. 2Learning through Knowledge Management